000 00768nam a2200253 i 4500
001 000031702
003 DO-SdBNP
005 20260205073126.0
007 ta
008 110630s1986 dr r 000 0 spa d
040 _aDO-SdBNP
_bspa
_cBNPHU
_erda
041 _aspa
082 4 _axxx
_bxxx
_222
110 2 _aDepartamento de Fondo de Inversiones para el Desarrollo Económico
_957973
245 1 0 _aPolítica crediticia.
260 _aSanto Domingo :
_bFIDE,
_c[200?].
264 1 _aSanto Domingo :
_bBanco Central de la República Dominicana,
_c1986.
300 _a9 páginas ;
_c22 cm.
336 _atexto
_btxt
_2rdacontent
337 _asin mediación
_bn
_2rdamedia
338 _avolumen
_bnc
_2rdacarrier
590 _aInventariado, 2019/BT
942 _2ddc
_cLF2
999 _c31194
_d31194